ბათუმის შოთა რუსთაველის სახელმწიფო უნივერსიტეტის ბიბლიოთეკა

კორელაციურ ფუძეთა ისტორია ქართულ ენაში / (ბიბ.ჩანაწერი № 52904)

000 -ლიდერი
ფიქსირებული სიგრძის საკონტროლო ველი 01885nam a2200301Ia 4500
001 - საკონტროლო ნომერი
საკონტროლო ველი 19934
003 - საკონტროლო ნომრის იდენტიფიკატორი
საკონტროლო ველი GE_BSU
005 - ბოლო ოპერაციის თარიღი და დრო
საკონტროლო ველი 20200515230006.0
008 - ფიქსირებული სიგრძის მონაცემთა ელემენტები - ზოგადი ინფორმაცია
ფიქსირებული სიგრძის საკონტროლო ველი 181216s2000||||ge |||||||||||||| ||geo||
040 ## - კატალოგიზაციის წყარო
Transcribing agency GE_BSU
041 ## - ენის კოდი
Language code of text/sound track or separate title geo
080 ## - უნივერსალური ათობითი კლასიფიკაციის ინდექსი
Universal Decimal Classification number 811.353.1'282 ჭ-72
100 ## - მთავარი ჩანაწერი - პიროვნების სახელი
Personal name ჭოხონელიძე, ნინელი
9 (RLIN) 8061
245 ## - ცნობა სათაურის შესახებ
Title კორელაციურ ფუძეთა ისტორია ქართულ ენაში /
Statement of responsibility, etc ნინელი ჭოხონელიძე ; რედ. ალექსი ჭინჭარაული
264 ## - წარმოების, გამოცემის, დისტრიბუციის და სხვა ცნობები
გამოცემის, წარმოების, დისტრიბუციის... ადგილი თბილისი :
გამოცემის, წარმოების, დისტრიბუციის... სახელწოდება ქართული ენა,
გამოცემის, წარმოების, დისტრიბუციის... თარიღი 2000.
300 ## - ფიზიკური აღწერა
Extent 120 გვ. ;
Dimensions 20 სმ.
500 ## - ზოგადი შენიშვნა
General note წიგნში ნაჩვენებია ძველი ქართულის რომელ ფუძეებთან და როდის იჩენს თავს კორელაცია, რა სახის ცვლილებებია მისთვის დამახასიათებელი დიალექტებში ისტორიული თვალსაზრისით და რით უნდა აიხსნას იგი სამწერლო ენაში
504 ## - BIBLIOGRAPHY, ETC. NOTE
Bibliography, etc ბიბლიოგრ. : გვ. 114-117
653 ## - INDEX TERM--UNCONTROLLED
Uncontrolled term ქართული ენა
653 ## - INDEX TERM--UNCONTROLLED
Uncontrolled term ძველი ქართული ენა
653 ## - INDEX TERM--UNCONTROLLED
Uncontrolled term ფუძეთა კორელაცია
653 ## - INDEX TERM--UNCONTROLLED
Uncontrolled term ქართული ენის დიალექტები
700 ## - ADDED ENTRY--PERSONAL NAME
Personal name ჭინჭარაული, ალექსი
Relator term რედაქტორი
9 (RLIN) 8062
710 ## - ADDED ENTRY--CORPORATE NAME
Corporate name or jurisdiction name as entry element საქ. მეცნ. აკადემია
9 (RLIN) 4066
710 ## - ADDED ENTRY--CORPORATE NAME
Corporate name or jurisdiction name as entry element ენათმეცნიერების ინსტიტუტი
9 (RLIN) 8063
942 ## - ADDED ENTRY ELEMENTS (KOHA)
Koha item type წიგნი
Source of classification or shelving scheme
ეგზემპლარები
ჩამოწერის სტატუსი დაკარგული ეგზემპლარის სტატუსი კლასიფიკაციის წყარო ან თაროზე გაწყობის სქემა დაზიანების სტატუსი არ გაიცემა მუდმივი მდებარეობა (დაცვის ადგილი) ამჟამინდელი ადგილსამყოფელი თაროზე განთავსების ადგილი შეძენის თარიღი ღირებულება, შესყიდვის ნორმალური ფასი სრული შენახვის შიფრი შტრიხკოდი ბოლო ოპერაციის თარიღი ეგზემპლარის მიმდევრობითი ნომერი (კეტერი?) ფასის ძალაში შესვლის თარიღი ეგზემპლარის სახეობა საჯარო შენიშვნა
          ბათუმის შოთა რუსთაველის სახელმწიფო უნივერსიტეტის მთავარი ბიბლიოთეკა ბათუმის შოთა რუსთაველის სახელმწიფო უნივერსიტეტის მთავარი ბიბლიოთეკა წიგნსაცავი 2018-12-17 4.00 811.353.1'282 ჭ-72 52459 2018-12-17 52459 2018-12-17 წიგნი 4.00 ლ.
          ბათუმის შოთა რუსთაველის სახელმწიფო უნივერსიტეტის მთავარი ბიბლიოთეკა ბათუმის შოთა რუსთაველის სახელმწიფო უნივერსიტეტის მთავარი ბიბლიოთეკა წიგნსაცავი 2018-12-17 4.00 811.353.1'282 ჭ-72 52460 2018-12-17 52460 2018-12-17 წიგნი 4.00 ლ.